| 000 | 00309 a2200121 4500 | ||
|---|---|---|---|
| 020 | _a8176253529 | ||
| 082 | _a309.262 PRA | ||
| 100 | _aPrasad, B. K. | ||
| 245 |
_aUrban Development _cB. K. Prasad |
||
| 250 | _a1st ed. | ||
| 260 |
_aNew Delhi : _bSARUP and SONS, _c2003 |
||
| 300 |
_av, 296p. : _bill ., ; _c22 cm |
||
| 650 | _aUrban Planning | ||
| 999 |
_c254 _d254 |
||